[Event "XI Festival A"]
[Site "Verona ITA"]
[Date "2005.01.03"]
[Round "3"]
[White "Santurbano, Maria Vincenza"]
[Black "Bertani, Gianfranco"]
[Result "0-1"]
[WhiteElo "1984"]
[BlackElo "2123"]
[PlyCount "78"]
[EventDate "2005.01.02"]

1. e4 c5 2. Nf3 Nc6 3. d4 cxd4 4. Nxd4 g6 5. Bc4 Bg7 6. Be3 Nf6 7. f3 O-O 8.
Nc3 Ne5 9. Bb3 a6 10. Qd2 b5 11. O-O Bb7 12. Kh1 Rc8 13. Bh6 Nc4 14. Bxc4 Rxc4
15. Bxg7 Kxg7 16. Rad1 e5 17. Nde2 b4 18. Nd5 Bxd5 19. exd5 Qc7 20. c3 bxc3 21.
Nxc3 Rc8 22. d6 Qc5 23. Qe2 Rf4 24. Rfe1 Re8 25. Qxa6 e4 26. fxe4 Ng4 27. h3
Nf2+ 28. Kh2 Nxd1 29. Rxd1 Rf2 30. Rd5 Qe3 31. Rd1 Rxb2 32. Qc4 Qf4+ 33. Kh1
Qg3 34. Qd4+ f6 35. Rg1 Reb8 36. Nd5 Qe5 37. Qd3 Rxa2 38. Qc4 Ra1 39. Qc7 Rbb1
0-1

[Event "XI Festival A"]
[Site "Verona ITA"]
[Date "2005.01.03"]
[Round "3"]
[White "Scharrer, Patrick"]
[Black "Masullo, Andrea"]
[Result "1-0"]
[WhiteElo "2206"]
[BlackElo "2133"]
[PlyCount "67"]
[EventDate "2005.01.02"]

1. e4 c5 2. Nf3 d6 3. d4 cxd4 4. Nxd4 Nf6 5. Nc3 Nc6 6. f3 e5 7. Nb3 Be6 8. Nd5
Bxd5 9. exd5 Nb8 10. Be3 Nbd7 11. Qd2 Qc7 12. Na5 Be7 13. c4 O-O 14. Be2 Bd8
15. b4 Qc8 16. Nb3 b6 17. O-O Qb7 18. Rfc1 Be7 19. c5 bxc5 20. bxc5 Qxd5 21. c6
Qxd2 22. Bxd2 Nb6 23. Ba6 d5 24. c7 Nfd7 25. Rc6 Ba3 26. Bc1 Be7 27. a4 Rae8
28. Bb5 Bb4 29. a5 Nc8 30. Ra4 Be1 31. Ba3 Bxa5 32. Rxa5 Ndb6 33. Bxf8 Rxf8 34.
Ba6 1-0

[Event "XI Festival A"]
[Site "Verona ITA"]
[Date "2005.01.03"]
[Round "3"]
[White "Schiraldi, Mauro"]
[Black "Petraki, Maria"]
[Result "1/2-1/2"]
[WhiteElo "2055"]
[BlackElo "2128"]
[PlyCount "119"]
[EventDate "2005.01.02"]

1. d4 Nf6 2. Nf3 g6 3. c4 d5 4. Nc3 Bg7 5. cxd5 Nxd5 6. e4 Nxc3 7. bxc3 c5 8.
Rb1 O-O 9. Be2 Qc7 10. Bd2 Rd8 11. d5 f5 12. Qb3 Qd6 13. exf5 Bxf5 14. Rd1 Nd7
15. c4 b6 16. Bc3 Bxc3+ 17. Qxc3 Qf6 18. Qxf6 Nxf6 19. Ne5 Kf8 20. f3 Rd6 21.
Rd2 Bc8 22. Nd3 Bb7 23. Nf4 Kf7 24. Kf2 Ne8 25. Rhd1 Nc7 26. h4 Rad8 27. Bd3
Kg7 28. Re1 Kf6 29. Rde2 Re8 30. Ne6 Nxe6 31. Rxe6+ Rxe6 32. Rxe6+ Kf7 33. Bc2
Rd8 34. h5 gxh5 35. Bxh7 b5 36. Bg6+ Kf8 37. Re5 bxc4 38. Be4 Rd6 39. Rxh5 Kg7
40. a4 Ba6 41. Ke3 Rb6 42. Rh7+ Kf8 43. Rh8+ Kf7 44. Rh7+ Kf8 45. Bc2 c3 46. g4
Rb2 47. Rh2 Bc4 48. Ke4 Bf1 49. g5 c4 50. Kd4 Bd3 51. Kxc3 Ra2 52. Rf2 Bxc2 53.
Rxc2 Rxa4 54. f4 Ra3+ 55. Kb4 Rb3+ 56. Kc5 c3 57. Kc4 Rb1 58. Kd3 Rd1+ 59. Ke4
Re1+ 60. Kd3 1/2-1/2

[Event "XI Festival A"]
[Site "Verona ITA"]
[Date "2005.01.03"]
[Round "3"]
[White "Stojanovic, Mihajlo"]
[Black "Borgo, Giulio"]
[Result "1/2-1/2"]
[WhiteElo "2515"]
[BlackElo "2381"]
[PlyCount "49"]
[EventDate "2005.01.02"]

1. Nf3 d5 2. d4 Nf6 3. c4 e6 4. g3 Nbd7 5. Bg2 c6 6. Nbd2 Be7 7. O-O O-O 8. Qc2
b6 9. e4 Bb7 10. b3 dxe4 11. Nxe4 c5 12. Nxf6+ Bxf6 13. Bb2 Bxf3 14. Bxf3 Rc8
15. Rad1 Bxd4 16. Bxd4 cxd4 17. Rxd4 Qe7 18. Rfd1 Nf6 19. Qd2 h6 20. Rd6 Nd5
21. Rxd5 exd5 22. Bxd5 Qf6 23. a4 a5 24. b4 axb4 25. Qxb4 1/2-1/2

[Event "XI Festival A"]
[Site "Verona ITA"]
[Date "2005.01.03"]
[Round "3"]
[White "Trabert, Bettina"]
[Black "Horvath, Jozsef"]
[Result "1/2-1/2"]
[WhiteElo "2357"]
[BlackElo "2514"]
[PlyCount "115"]
[EventDate "2005.01.02"]

1. e4 c5 2. Nf3 e6 3. d4 cxd4 4. Nxd4 a6 5. Bd3 Bc5 6. Nb3 Be7 7. O-O d6 8. c4
Nf6 9. Nc3 b6 10. Qe2 Bb7 11. Rd1 Qc7 12. Bf4 Nbd7 13. Rac1 O-O 14. Bb1 Rac8
15. Nd2 Ne5 16. b3 Rfe8 17. Nf1 Qb8 18. h3 Nfd7 19. Ne3 Nf8 20. Bg3 Nfg6 21.
Qf1 Red8 22. Kh1 Ba8 23. a4 Nc6 24. Rd2 Bf6 25. Ne2 Bg5 26. f4 Be7 27. Qd1 b5
28. cxb5 axb5 29. axb5 Qxb5 30. Nc3 Qb8 31. Nc4 Nb4 32. f5 exf5 33. Bxd6 Bxd6
34. Nxd6 Rc5 35. Nxf5 Rdc8 36. Ne2 Rxc1 37. Nxc1 h6 38. Ne2 Kh7 39. Rd7 Ne5 40.
Rd4 Nbc6 41. Rd2 Qb4 42. Ne3 Rb8 43. Bc2 Qc5 44. Nd5 Nb4 45. Nxb4 Rxb4 46. Rd4
Rb6 47. Nf4 Ra6 48. Ra4 Rd6 49. Nd5 Bc6 50. Rd4 Bb5 51. b4 Qa7 52. Rd2 Ra6 53.
Qh5 Qb8 54. Nc3 Bc4 55. Nd5 Ra1+ 56. Rd1 g6 57. Qh4 Ra2 58. Bb1 1/2-1/2

[Event "XI Festival A"]
[Site "Verona ITA"]
[Date "2005.01.04"]
[Round "4"]
[White "Bertani, Gianfranco"]
[Black "Scharrer, Patrick"]
[Result "0-1"]
[WhiteElo "2123"]
[BlackElo "2206"]
[PlyCount "138"]
[EventDate "2005.01.02"]

1. Nf3 g6 2. e4 c5 3. d3 Bg7 4. c3 Nc6 5. Be2 e5 6. O-O Nge7 7. Be3 d6 8. Qd2
O-O 9. b4 cxb4 10. cxb4 f5 11. Bg5 a6 12. Nc3 Nxb4 13. Rab1 Nbc6 14. Nd5 f4 15.
Rfc1 h6 16. Bxe7 Nxe7 17. Nb6 Ra7 18. d4 Bg4 19. dxe5 dxe5 20. Qxd8 Rxd8 21.
Rc7 Nc8 22. Bc4+ Kh8 23. Bd5 Nd6 24. a4 a5 25. h3 Bxf3 26. gxf3 Ne8 27. Rc8
Rxc8 28. Nxc8 Ra8 29. Ne7 Nd6 30. Rb6 Nc8 31. Rxb7 Nxe7 32. Rxe7 Rc8 33. Ra7 h5
34. Rxa5 Bf8 35. Kf1 Rc1+ 36. Ke2 Rc2+ 37. Kd3 Rxf2 38. Ra8 Rxf3+ 39. Kc4 Kg7
40. a5 Ra3 41. Ra7+ Kh6 42. h4 Bg7 43. Kb5 Bf6 44. Rc7 Bxh4 45. Rc2 f3 46. a6
f2 47. Bc4 Ra1 48. Kc6 f1=Q 49. Bxf1 Rxf1 50. a7 Ra1 51. Kb7 Rb1+ 52. Kc8 Ra1
53. Kb7 Kg5 54. Rg2+ Kf6 55. Rc2 Kg5 56. Rg2+ Kh6 57. Rc2 Bg3 58. Rc1 Rxa7+ 59.
Kxa7 Kg5 60. Kb7 Kf4 61. Kc6 Kxe4 62. Kd6 h4 63. Ke6 h3 64. Kf6 g5 65. Rf1 Bf4
66. Kg6 g4 67. Kh5 g3 68. Kg4 g2 69. Re1+ Kd3 0-1

[Event "XI Festival A"]
[Site "Verona ITA"]
[Date "2005.01.04"]
[Round "4"]
[White "Borgo, Giulio"]
[Black "Lettieri, Giuseppe"]
[Result "1/2-1/2"]
[WhiteElo "2381"]
[BlackElo "2202"]
[PlyCount "151"]
[EventDate "2005.01.02"]

1. c4 c5 2. Nf3 Nf6 3. Nc3 g6 4. d4 cxd4 5. Nxd4 Bg7 6. e4 d6 7. Be2 O-O 8. Be3
Nc6 9. Rc1 Qa5 10. O-O Nxd4 11. Bxd4 Be6 12. Nd5 Bxd5 13. exd5 Nd7 14. Bxg7
Kxg7 15. Rc3 Nf6 16. a3 Rac8 17. Re3 Qc7 18. Re1 Rfe8 19. g4 h6 20. h4 e5 21.
dxe6 fxe6 22. g5 hxg5 23. hxg5 Nd7 24. Qd4+ e5 25. Qd2 Nc5 26. Bg4 Rcd8 27. Qd5
Qe7 28. b4 Na6 29. Qg2 Rf8 30. c5 Qxg5 31. cxd6 Rf4 32. Rg3 Rxd6 33. Qxb7+ Rf7
34. Qxf7+ Kxf7 35. Be6+ Kf6 36. Rxg5 Kxg5 37. Bc8 Kf4 38. Rc1 Nb8 39. Rc7 Nc6
40. Kg2 a6 41. Bb7 Nd4 42. Rc5 Rb6 43. Bc8 Nb5 44. Rc4+ e4 45. Rc1 Nxa3 46. Rc3
Nb5 47. Rg3 Nd6 48. Bh3 Nf5 49. Bxf5 gxf5 50. Ra3 Rxb4 51. Rxa6 Rb2 52. Ra3 Rd2
53. Rb3 Kg5 54. Rg3+ Kf6 55. Ra3 f4 56. Kf1 Kf5 57. Ke1 Rb2 58. Ra4 f3 59. Ra1
Kf4 60. Kf1 Rb5 61. Kg1 Rg5+ 62. Kf1 Rh5 63. Kg1 Rb5 64. Rd1 Rb4 65. Re1 e3 66.
Rxe3 Rb1+ 67. Kh2 Rf1 68. Re8 Rxf2+ 69. Kg1 Re2 70. Rf8+ Ke3 71. Kf1 Rf2+ 72.
Ke1 Ra2 73. Re8+ Kf4 74. Kf1 Ra1+ 75. Kf2 Ra2+ 76. Kf1 1/2-1/2

[Event "XI Festival A"]
[Site "Verona ITA"]
[Date "2005.01.04"]
[Round "4"]
[White "Buchicchio, Giampaolo"]
[Black "D'Innocente, Stefano"]
[Result "1-0"]
[WhiteElo "2288"]
[BlackElo "2280"]
[PlyCount "59"]
[EventDate "2005.01.02"]

1. e4 c5 2. c3 d5 3. exd5 Qxd5 4. d4 e6 5. Nf3 Nf6 6. Bd3 Nc6 7. O-O cxd4 8.
cxd4 Be7 9. Nc3 Qd6 10. a3 O-O 11. Re1 Rd8 12. Be3 b6 13. Qe2 Bb7 14. Rad1 Rac8
15. Bb1 Qb8 16. Bg5 h6 17. Bh4 Qa8 18. Bxf6 Bxf6 19. d5 Bxc3 20. bxc3 exd5 21.
Qd3 g6 22. Nh4 Rd6 23. Qg3 Rf6 24. Nf5 Kh7 25. Nd6 Rf8 26. Rxd5 Qb8 27. Red1
Kg7 28. h4 Ne7 29. R5d4 h5 30. Nxb7 1-0

[Event "XI Festival A"]
[Site "Verona ITA"]
[Date "2005.01.04"]
[Round "4"]
[White "Caruso, Augusto"]
[Black "Bruno, Fabio"]
[Result "1-0"]
[WhiteElo "2214"]
[BlackElo "2379"]
[PlyCount "51"]
[EventDate "2005.01.02"]

1. Nc3 d5 2. e4 dxe4 3. Nxe4 g6 4. d4 Bg7 5. Nf3 Nd7 6. Bc4 h6 7. Bxf7+ Kxf7 8.
Nfg5+ hxg5 9. Nxg5+ Ke8 10. Ne6 Nf8 11. Nxd8 Kxd8 12. Qf3 Ke8 13. Bf4 Ne6 14.
Be5 Nxd4 15. Bxd4 Bxd4 16. Qd3 c5 17. c3 Bf6 18. Qxg6+ Kf8 19. O-O-O Be6 20.
Qe4 Bxa2 21. Qxb7 Rd8 22. f4 Nh6 23. h3 Nf5 24. g4 Ne3 25. Rd3 Nxg4 26. hxg4
1-0

[Event "XI Festival A"]
[Site "Verona ITA"]
[Date "2005.01.04"]
[Round "4"]
[White "De Santis, Alessio"]
[Black "Danieli, Enrico"]
[Result "0-1"]
[WhiteElo "2293"]
[BlackElo "2150"]
[PlyCount "86"]
[EventDate "2005.01.02"]

1. d4 Nf6 2. c4 c5 3. d5 b5 4. cxb5 a6 5. f3 e6 6. e4 c4 7. dxe6 fxe6 8. Nc3
axb5 9. e5 b4 10. exf6 bxc3 11. f7+ Kxf7 12. bxc3 Bc5 13. f4 d5 14. Nf3 Nc6 15.
Ng5+ Kg8 16. Be2 Qf6 17. Bd2 h6 18. Nf3 Kh7 19. Qb1+ g6 20. Qb5 Qe7 21. Qxc6
Bd7 22. Qc7 Rhf8 23. Ne5 Ra7 24. Qxa7 Bxa7 25. Rb1 Rb8 26. Rxb8 Bxb8 27. O-O
Ba7+ 28. Kh1 Ba4 29. Rb1 Qc5 30. Ng4 Qc6 31. Ne5 Qc5 32. Bg4 Qc8 33. Bxe6 Qxe6
34. Rb7+ Kg8 35. Rxa7 Qb6 36. Ra8+ Kg7 37. h3 Bc2 38. Ng4 h5 39. Ne3 Be4 40.
Re8 Qb2 41. Nxc4 Qb1+ 42. Kh2 dxc4 43. a4 Qd3 0-1

[Event "XI Festival A"]
[Site "Verona ITA"]
[Date "2005.01.04"]
[Round "4"]
[White "Delizia, Costantino"]
[Black "Guglielmi, Dante"]
[Result "1-0"]
[WhiteElo "2152"]
[BlackElo "2113"]
[PlyCount "111"]
[EventDate "2005.01.02"]

1. e4 c5 2. c3 d5 3. exd5 Qxd5 4. d4 Nf6 5. Nf3 e6 6. Bd3 Be7 7. O-O Nc6 8. c4
Qd8 9. dxc5 Bxc5 10. Nc3 O-O 11. Bg5 Be7 12. Qe2 Nd4 13. Nxd4 Qxd4 14. Rad1 Qc5
15. Ne4 Nxe4 16. Bxe7 Qxe7 17. Bxe4 f6 18. f4 e5 19. fxe5 fxe5 20. Rxf8+ Qxf8
21. Bd5+ Kh8 22. Qxe5 Bg4 23. Re1 Rc8 24. Qe7 b6 25. Qxf8+ Rxf8 26. Re4 Bh5 27.
Re7 Bg6 28. Rxa7 Bd3 29. h3 Rf1+ 30. Kh2 h5 31. Ra8+ Kh7 32. Ra3 Bb1 33. Rb3
Rf6 34. a3 h4 35. Rc3 Rd6 36. Rc1 Ba2 37. Be4+ Kh6 38. c5 Rd4 39. Bf3 bxc5 40.
Rxc5 g5 41. Rc3 Rd2 42. b4 Rb2 43. Bc6 Be6 44. b5 g4 45. hxg4 Bxg4 46. Kg1 Kg5
47. a4 Kf4 48. Rc1 Be2 49. Ra1 Kg3 50. a5 Bxb5 51. Bxb5 Rxb5 52. a6 Rb8 53. a7
Ra8 54. Ra4 h3 55. Ra3+ Kg4 56. g3 1-0

[Event "XI Festival A"]
[Site "Verona ITA"]
[Date "2005.01.04"]
[Round "4"]
[White "Esposito, Luca"]
[Black "Guido, Flavio"]
[Result "0-1"]
[WhiteElo "2212"]
[BlackElo "2342"]
[PlyCount "120"]
[EventDate "2005.01.02"]

1. d4 Nf6 2. c4 e6 3. Nc3 Bb4 4. Qc2 O-O 5. a3 Bxc3+ 6. Qxc3 b6 7. Nf3 Bb7 8.
e3 d6 9. Be2 Nbd7 10. O-O Ne4 11. Qc2 f5 12. d5 exd5 13. Nd4 Qf6 14. cxd5 Bxd5
15. f3 Nec5 16. b4 Ne6 17. Bc4 Bxc4 18. Qxc4 Rae8 19. Bb2 Ne5 20. Qc2 Qf7 21.
Rac1 c5 22. Nxe6 Qxe6 23. Qc3 Rf7 24. Rfe1 c4 25. Re2 Nd3 26. Rd1 Nxb2 27. Qxb2
Rc7 28. Qd4 c3 29. Rc1 Qe5 30. Qxe5 dxe5 31. e4 f4 32. Rec2 Rec8 33. Kf1 g5 34.
Ke2 g4 35. Kd3 gxf3 36. gxf3 Rd7+ 37. Ke2 Rcd8 38. Rxc3 Rd2+ 39. Ke1 Rxh2 40.
Rc8 Rh1+ 41. Ke2 Rh2+ 42. Ke1 Rxc8 43. Rxc8+ Kg7 44. Rc7+ Kg6 45. Rxa7 Ra2 46.
Re7 Kg5 47. Rxh7 Rxa3 48. Kf2 Ra2+ 49. Kg1 Rb2 50. Rh8 Rxb4 51. Kg2 Rb2+ 52.
Kh3 Rf2 53. Rg8+ Kf6 54. Rf8+ Ke7 55. Rb8 Rxf3+ 56. Kg4 Rb3 57. Kf5 f3 58. Kxe5
f2 59. Rb7+ Kf8 60. Rb8+ Kg7 0-1

[Event "XI Festival A"]
[Site "Verona ITA"]
[Date "2005.01.04"]
[Round "4"]
[White "Facchetti, Gianni"]
[Black "Astengo, Corrado"]
[Result "1-0"]
[WhiteElo "2162"]
[BlackElo "2139"]
[PlyCount "73"]
[EventDate "2005.01.02"]

1. e4 e6 2. d4 d5 3. exd5 exd5 4. Qf3 Nf6 5. h3 Bd6 6. Bd3 c6 7. Ne2 O-O 8. O-O
h6 9. Bf4 Re8 10. Nd2 Be6 11. Rfe1 Qc7 12. Bxh6 Ne4 13. Be3 f5 14. Nf1 Nd7 15.
Bf4 Ndf6 16. Bxd6 Qxd6 17. Qf4 Qd7 18. f3 Nh5 19. Qc1 Qe7 20. Nf4 Nxf4 21. Qxf4
Nd6 22. h4 Rad8 23. c3 Qf6 24. Re3 Bd7 25. Rae1 Rxe3 26. Rxe3 Re8 27. Rxe8+
Bxe8 28. Qe5 Qxe5 29. dxe5 Nf7 30. f4 g6 31. g3 Nd8 32. h5 Ne6 33. hxg6 Bxg6
34. Ne3 Ng7 35. Kf2 Kf7 36. b4 Ke6 37. g4 1-0

[Event "XI Festival A"]
[Site "Verona ITA"]
[Date "2005.01.04"]
[Round "4"]
[White "Horvath, Jozsef"]
[Black "Brunello, Sabino"]
[Result "1/2-1/2"]
[WhiteElo "2514"]
[BlackElo "2268"]
[PlyCount "109"]
[EventDate "2005.01.02"]

1. Nf3 d5 2. c4 e6 3. b3 Nf6 4. g3 Be7 5. Bg2 O-O 6. O-O b6 7. Bb2 Bb7 8. e3 c5
9. Nc3 Nc6 10. cxd5 Nxd5 11. Nxd5 Qxd5 12. d4 Qd8 13. dxc5 Bxc5 14. Ne5 Nxe5
15. Bxb7 Rb8 16. Bg2 Ng6 17. Qg4 Qe7 18. Rad1 Rfd8 19. h4 f6 20. h5 Nf8 21. h6
g6 22. Qc4 Kf7 23. Qa6 Rd7 24. Rxd7 Qxd7 25. a3 Be7 26. Bf3 Rd8 27. Rd1 Qc7 28.
Rc1 Qd7 29. Bd4 e5 30. Bc3 Ne6 31. b4 Bf8 32. Rd1 Qc7 33. Rxd8 Nxd8 34. Bd5+
Ne6 35. b5 Bxh6 36. Bb4 Qd7 37. e4 f5 38. Qa4 fxe4 39. Bc6 Qc7 40. Qb3 a5 41.
Bc3 Kf6 42. Qd5 Bf8 43. a4 Ng5 44. Kg2 Qd6 45. Qg8 Be7 46. Qh8+ Kf5 47. Qc8+
Ne6 48. Qg8 h5 49. Qf7+ Bf6 50. Qb7 Qd3 51. Qc8 Qf3+ 52. Kg1 Qd1+ 53. Kg2 Qf3+
54. Kg1 Qd1+ 55. Kg2 1/2-1/2

[Event "XI Festival A"]
[Site "Verona ITA"]
[Date "2005.01.04"]
[Round "4"]
[White "Lazic, Miroljub"]
[Black "Godena, Michele"]
[Result "1/2-1/2"]
[WhiteElo "2517"]
[BlackElo "2544"]
[PlyCount "23"]
[EventDate "2005.01.02"]

1. e4 e5 2. Nf3 Nc6 3. Bc4 Nf6 4. d3 Bc5 5. O-O d6 6. c3 O-O 7. Bb3 a6 8. h3
Ba7 9. Re1 Ne7 10. Nbd2 Ng6 11. Nf1 b5 12. Ng3 1/2-1/2

[Event "XI Festival A"]
[Site "Verona ITA"]
[Date "2005.01.04"]
[Round "4"]
[White "Luther, Thomas"]
[Black "Opacic, Alexandar"]
[Result "1-0"]
[WhiteElo "2543"]
[BlackElo "2140"]
[PlyCount "77"]
[EventDate "2005.01.02"]

1. e4 c5 2. Nf3 e6 3. d4 cxd4 4. Nxd4 a6 5. c4 Nf6 6. Nc3 Bb4 7. Qc2 Qc7 8. a3
Bc5 9. Nb3 Ba7 10. Be2 Nc6 11. O-O Ne5 12. Bf4 Nf3+ 13. Bxf3 Qxf4 14. Qe2 g5
15. g3 Qe5 16. Nc1 h5 17. Nd3 Qd4 18. e5 g4 19. Bg2 Nh7 20. Ne4 Rb8 21. Rfd1
Ke7 22. Nd6 Ng5 23. Nf4 Nf3+ 24. Bxf3 gxf3 25. Qe1 Qb6 26. Rd3 Qxb2 27. Rxf3 h4
28. Rd1 hxg3 29. hxg3 b5 30. Rd2 Bxf2+ 31. Rdxf2 Qd4 32. Qb4 Qd1+ 33. Rf1 Qd4+
34. Kg2 Kd8 35. Nxf7+ Kc7 36. Nxh8 Bb7 37. Nf7 Bxf3+ 38. Rxf3 bxc4 39. Qd6+ 1-0

[Event "XI Festival A"]
[Site "Verona ITA"]
[Date "2005.01.04"]
[Round "4"]
[White "Martinez, Rolly"]
[Black "Trabert, Bettina"]
[Result "1-0"]
[WhiteElo "2416"]
[BlackElo "2357"]
[PlyCount "85"]
[EventDate "2005.01.02"]

1. e4 e5 2. Nf3 Nc6 3. Bb5 a6 4. Bxc6 dxc6 5. O-O Qd6 6. Na3 Be6 7. Qe2 f6 8.
Rd1 O-O-O 9. d4 Bg4 10. Be3 Qe6 11. dxe5 Rxd1+ 12. Qxd1 Bxa3 13. bxa3 fxe5 14.
Ng5 Bxd1 15. Nxe6 Bxc2 16. f3 Ne7 17. Rc1 Bd3 18. Nc5 Be2 19. Kf2 b6 20. Kxe2
bxc5 21. Rxc5 Ng6 22. Rxc6 Kb7 23. Re6 c6 24. g3 Kc7 25. f4 exf4 26. gxf4 Rb8
27. f5 Kd7 28. Kf3 Rb2 29. Bc5 Rc2 30. Bd6 Nh4+ 31. Kg3 g5 32. Kg4 Rxa2 33. Bg3
Rxa3 34. Rd6+ Ke7 35. Rxc6 Ra4 36. Kxg5 Nf3+ 37. Kf4 Nd2 38. Re6+ Kf7 39. Be1
Nb3 40. Bh4 Nc5 41. Re7+ Kf8 42. f6 a5 43. Bg5 1-0

[Event "XI Festival A"]
[Site "Verona ITA"]
[Date "2005.01.04"]
[Round "4"]
[White "Masullo, Andrea"]
[Black "Padovani, Alessio"]
[Result "0-1"]
[WhiteElo "2133"]
[BlackElo "2091"]
[PlyCount "112"]
[EventDate "2005.01.02"]

1. e4 d5 2. exd5 Qxd5 3. Nc3 Qa5 4. d4 Nf6 5. Bd2 c6 6. Nf3 Bf5 7. Bc4 e6 8.
Nd5 Qd8 9. Nxf6+ Qxf6 10. Bg5 Qg6 11. h4 Bxc2 12. Qd2 a5 13. O-O Bb4 14. Qf4
O-O 15. a3 h6 16. axb4 hxg5 17. Nxg5 b5 18. Be2 a4 19. Rac1 Bb3 20. Rc3 Bd5 21.
Rg3 Qh6 22. Bg4 Nd7 23. Nxe6 Qxf4 24. Nxf4 Nb8 25. Nxd5 cxd5 26. Rc1 Na6 27.
Bd7 Rab8 28. Rg5 Nxb4 29. Rc3 Rfd8 30. Rcg3 Rxd7 31. Rxg7+ Kh8 32. h5 Rb6 33.
h6 Rb8 34. h7 Rdd8 35. Rxf7 Nc2 36. Rg4 b4 37. Ra7 Ra8 38. Rg8+ Rxg8 39.
hxg8=Q+ Rxg8 40. Rxa4 Rg4 41. f3 Rxd4 42. Ra8+ Kg7 43. Rc8 Rc4 44. Rd8 d4 45.
Kf2 Ne3 46. f4 Nd1+ 47. Ke1 Nxb2 48. Kd2 Na4 49. Kd3 Nb2+ 50. Kd2 b3 51. f5
Rc2+ 52. Ke1 d3 53. g4 Rc1+ 54. Kd2 Rc2+ 55. Ke3 Rg2 56. Kd4 56... Kf6 {...}
0-1

[Event "XI Festival A"]
[Site "Verona ITA"]
[Date "2005.01.04"]
[Round "4"]
[White "Ortega, Lexy"]
[Black "Capitelli, Paolo"]
[Result "1-0"]
[WhiteElo "2445"]
[BlackElo "2161"]
[PlyCount "71"]
[EventDate "2005.01.02"]

1. d4 Nf6 2. Nf3 g6 3. Nc3 d6 4. e4 Bg7 5. Be3 O-O 6. Qd2 e5 7. dxe5 dxe5 8.
Qxd8 Rxd8 9. Bc4 Be6 10. Bxe6 fxe6 11. Nxe5 Nxe4 12. Nxe4 Bxe5 13. c3 b6 14.
Ke2 Nc6 15. h4 Bg7 16. Bf4 e5 17. Bg5 Rd5 18. h5 Rf8 19. h6 Bh8 20. Rhd1 Rxd1
21. Rxd1 Rf7 22. b4 b5 23. a4 bxa4 24. Ra1 a5 25. b5 Na7 26. c4 Nc8 27. Be3 Nb6
28. c5 Nd5 29. Rxa4 Nf4+ 30. Kf1 Rd7 31. Bd2 Kf7 32. Rxa5 Bf6 33. c6 Rd5 34. b6
Rxa5 35. Bxa5 cxb6 36. c7 1-0

[Event "XI Festival A"]
[Site "Verona ITA"]
[Date "2005.01.04"]
[Round "4"]
[White "Pechy, Alaster"]
[Black "Salvador, Roland"]
[Result "0-1"]
[WhiteElo "2176"]
[BlackElo "2340"]
[PlyCount "92"]
[EventDate "2005.01.02"]

1. e4 c5 2. Nf3 Nc6 3. Nc3 Nf6 4. Bc4 d6 5. h3 g6 6. d4 cxd4 7. Nxd4 Bd7 8. Be3
Bg7 9. O-O O-O 10. Qd2 Qa5 11. Bb3 Nxd4 12. Qxd4 Ng4 13. Qd5 Bxc3 14. bxc3 Qxd5
15. exd5 Nxe3 16. fxe3 Rfc8 17. c4 Rc5 18. h4 b6 19. Rf4 a5 20. a4 Bc8 21. g4
f6 22. g5 f5 23. Rd1 Bb7 24. Kf2 Rd8 25. h5 Kf7 26. Rh4 Rg8 27. h6 Rgc8 28. e4
Ba6 29. exf5 gxf5 30. Rdd4 Kg6 31. Ke3 Kxg5 32. Rh2 Bxc4 33. Rg2+ Kf6 34. Rg7
Bxb3 35. cxb3 Rc3+ 36. Rd3 R8c5 37. Rxh7 Rxd3+ 38. Kxd3 Rxd5+ 39. Kc4 Rc5+ 40.
Kd4 Rc8 41. Kd5 Rg8 42. Kc6 f4 43. Kd7 f3 44. Rxe7 f2 45. Re6+ Kg5 46. h7 Rh8
0-1

[Event "XI Festival A"]
[Site "Verona ITA"]
[Date "2005.01.04"]
[Round "4"]
[White "Petraki, Maria"]
[Black "Perryman, Marcus"]
[Result "1/2-1/2"]
[WhiteElo "2128"]
[BlackElo "2077"]
[PlyCount "45"]
[EventDate "2005.01.02"]

1. e4 c5 2. Nc3 Nc6 3. Bb5 Nd4 4. Bc4 e6 5. Nge2 Qc7 6. O-O a6 7. d3 b5 8. Bb3
Nxb3 9. axb3 Bb7 10. f4 d6 11. Ng3 Nf6 12. Qe2 Be7 13. Bd2 O-O 14. Rae1 Rfe8
15. e5 Nd7 16. exd6 Bxd6 17. Nce4 Bxe4 18. Nxe4 Bf8 19. f5 exf5 20. Rxf5 g6 21.
Qg4 Bg7 22. Qf4 Qxf4 23. Rxf4 1/2-1/2

[Event "XI Festival A"]
[Site "Verona ITA"]
[Date "2005.01.04"]
[Round "4"]
[White "Sbarra, Marco"]
[Black "Cocchi, Andrea"]
[Result "1-0"]
[WhiteElo "2204"]
[BlackElo "2290"]
[PlyCount "59"]
[EventDate "2005.01.02"]

1. d4 Nf6 2. c4 c6 3. Nc3 d5 4. Nf3 e6 5. Bg5 Nbd7 6. cxd5 exd5 7. e3 Be7 8.
Qc2 O-O 9. Bd3 Re8 10. O-O Nf8 11. h3 Ng6 12. Bxf6 Bxf6 13. b4 Qd6 14. b5 Be7
15. bxc6 bxc6 16. Ne2 Qf6 17. Ng3 Bxh3 18. Nh5 Qe6 19. gxh3 Qxh3 20. Ng3 Nh4
21. Bxh7+ Kh8 22. Nxh4 g6 23. Nxg6+ fxg6 24. Bxg6 Rg8 25. Qf5 Qh6 26. Qe5+ Rg7
27. Bf5 Bd6 28. Qe6 Qh4 29. Qxd6 Rd8 30. Qe5 1-0

[Event "XI Festival A"]
[Site "Verona ITA"]
[Date "2005.01.04"]
[Round "4"]
[White "Schiraldi, Mauro"]
[Black "Santurbano, Maria Vincenza"]
[Result "0-1"]
[WhiteElo "2055"]
[BlackElo "1984"]
[PlyCount "80"]
[EventDate "2005.01.02"]

1. d4 Nf6 2. Nf3 d5 3. Bf4 Nbd7 4. e3 g6 5. Bd3 Bg7 6. Nbd2 O-O 7. h3 c5 8. c3
Qb6 9. Rb1 Nh5 10. Bh2 e5 11. dxe5 c4 12. Bc2 f5 13. g4 fxg4 14. hxg4 Nhf6 15.
exf6 Nxf6 16. g5 Ng4 17. Bg3 Bd7 18. Nd4 Rae8 19. Nf1 Qd8 20. Qd2 Qxg5 21. Rg1
Ne5 22. Kd1 Bg4+ 23. Kc1 Qh5 24. b4 cxb3 25. axb3 Rc8 26. Kb2 Nf3 27. Nxf3
Bxc3+ 28. Qxc3 Rxc3 29. Kxc3 Bxf3 30. Kb2 Rc8 31. Nd2 Be4 32. Nxe4 dxe4 33.
Rge1 Qc5 34. Rbc1 Qc3+ 35. Kb1 Rc6 36. Be5 Qxe5 37. Bd1 Ra6 38. Rc8+ Kg7 39.
Kc1 Ra1+ 40. Kd2 Qd5+ 0-1

[Event "XI Festival A"]
[Site "Verona ITA"]
[Date "2005.01.04"]
[Round "4"]
[White "Shytaj, Luca"]
[Black "Stojanovic, Mihajlo"]
[Result "0-1"]
[WhiteElo "2341"]
[BlackElo "2515"]
[PlyCount "126"]
[EventDate "2005.01.02"]

1. e4 e6 2. d4 d5 3. Nd2 Bd7 4. Ngf3 dxe4 5. Nxe4 Bc6 6. Bd3 Nd7 7. c4 Ngf6 8.
Nc3 Bb4 9. O-O Bxf3 10. Qxf3 c6 11. Bg5 O-O 12. c5 Bxc3 13. bxc3 b6 14. Qxc6
Rc8 15. Bxf6 Nxf6 16. Qa4 bxc5 17. Qxa7 Rc7 18. Qa4 cxd4 19. cxd4 g6 20. Be2
Ne4 21. Qb4 Qb8 22. Qxb8 Rxb8 23. a4 Ra7 24. Rfc1 Nd2 25. Ra3 Rb2 26. Bd3 Kg7
27. h3 Nb3 28. Rc4 Na5 29. Rc5 Rb3 30. Rxb3 Nxb3 31. Rc4 Na5 32. Rc3 Rd7 33.
Bb5 Rxd4 34. g3 Rd2 35. Rc7 Kf8 36. Ra7 Nb3 37. Ra8+ Ke7 38. Re8+ Kf6 39. Bc6
Nd4 40. Bg2 Ne2+ 41. Kh2 Nc3 42. Kg1 Nxa4 43. Bf3 Nc5 44. Kf1 e5 45. h4 Ne6 46.
Kg2 Nd4 47. Rb8 Nf5 48. Rb6+ Nd6 49. Rb4 h5 50. Kf1 Ke6 51. Ke1 Ra2 52. Be2
Ra1+ 53. Kd2 e4 54. Ke3 Ke5 55. Rb3 Ra2 56. f4+ Kd5 57. Kf2 Nf5 58. Rb5+ Kd6
59. Re5 Nxg3 60. Kxg3 Rxe2 61. Re8 Kd7 62. Re5 f6 63. Ra5 Re3+ 0-1

[Event "XI Festival A"]
[Site "Verona ITA"]
[Date "2005.01.04"]
[Round "4"]
[White "Vocaturo, Daniele"]
[Black "Mrdja, Milan"]
[Result "0-1"]
[WhiteElo "2276"]
[BlackElo "2395"]
[PlyCount "56"]
[EventDate "2005.01.02"]

1. e4 e6 2. d4 d5 3. Nc3 Bb4 4. a3 Bxc3+ 5. bxc3 dxe4 6. Qg4 Nf6 7. Qxg7 Rg8 8.
Qh6 Nbd7 9. Ne2 b6 10. Ng3 Bb7 11. Bg5 Qe7 12. Qh4 h6 13. Bxf6 Qxf6 14. Qxf6
Nxf6 15. Bb5+ Ke7 16. O-O-O h5 17. Rhg1 h4 18. Nf1 Ng4 19. Rd2 f5 20. Re2 f4
21. Bc4 Rg6 22. Nd2 Nf6 23. Ree1 Rag8 24. Bf1 Rg5 25. Kb2 e3 26. fxe3 f3 27.
Rc1 f2 28. Rh1 h3 0-1